000 00687nam a22002177a 4500
003 OSt
005 20230831074939.0
008 221006b |||||||| |||| 00| 0 eng d
040 _cBiblioteca Lado V
082 _a741.9
_bV422c
100 _9998
_aVega, Simón
_eautor
245 _aCiudades Perdidas y Rutas de Escape/
260 _c2002
300 _c28x22cm
_a19p.
366 _espa
650 _2Tesauro de Arte & Arquitectura
_aARTE
_9703
650 _2Tesauro de Arte & Arquitectura
_aDIBUJO
_9702
650 _2Tesauro de Arte & Arquitectura
_aEXHIBICION
_9702
650 _2Tesauro de Arte & Arquitectura
_aSIMON VEGA
942 _2ddc
_c1
_h741.9
_iV422c
_n0
999 _c4247
_d4247